LEADER 00944cam0-22003131i-450- 001 990006359450403321 005 19980601 010 $a3-428-08326-1 035 $a000635945 035 $aFED01000635945 035 $a(Aleph)000635945FED01 035 $a000635945 100 $a19980601d1995----km-y0itay50------ba 101 0 $ager 102 $aDE 105 $ay-------001yy 200 1 $aStaatliche Kunstförderung nach Grundgesetz und Recht der EG$fvon Birgit Geissler 210 $aBerlin$cDuncker und Humblot$d1995 215 $a300 p.$d24 cm 225 1 $aSchriften zum öffentlichen Recht$x0582-0200$v672 676 $a344.097$v20$zita 700 1$aGeissler,$bBirgit$0239112 801 0$aIT$bUNINA$gRICA$2UNIMARC 901 $aBK 912 $a990006359450403321 952 $aCOLLEZIONE 147 (672)$b34159*$fFGBC 959 $aFGBC 996 $aStaatliche Kunstförderung nach Grundgesetz und Recht der EG$9657871 997 $aUNINA